Nghiên cứu đánh giá phát triển trí tuệ của học sinh, sinh viên theo giới tình /

Đã lưu trong:
Sonraí Bibleagrafaíochta
Príomhúdar: Tạ Thúy Lan.
Formáid: Bài viết
Teanga:Vietnamese
Ábhair:
Clibeanna: Cuir Clib Leis
Gan Chlibeanna, Bí ar an gcéad duine leis an taifead seo a chlibeáil!
Thư viện lưu trữ: Thư viện Trường Đại học Đà Lạt
LEADER 00803nam a2200265 4500
001 DLU120144594
005 ##20121211
040 # # |a DLU  |b vie 
041 # # |a vie 
044 # # |a vn 
100 # # |a Tạ Thúy Lan. 
245 # # |a Nghiên cứu đánh giá phát triển trí tuệ của học sinh, sinh viên theo giới tình /  |c Tạ Thúy Lan. 
653 # # |a Chăm sóc sức khỏe 
653 # # |a Thể chất 
653 # # |a Trí tuệ 
773 # # |t Tạp chí Khoa học Xã hội Việt Nam  |g Số 3, 1996, tr. 30-36 
920 # # |a Phòng Tạp chí -- Trung tâm Thông tin - Thư viện Trường Đại học Đà Lạt 
994 # # |a DLU 
900 # # |a True 
911 # # |a Nguyễn Thị Linh Chi 
925 # # |a G 
926 # # |a A 
927 # # |a BB 
980 # # |a Thư viện Trường Đại học Đà Lạt